000
00216nam a22000857a 4500
008
170620b xxu||||| |||| 00| 0 eng d
100
_9
3570
_a
Sen.A
245
_a
Eassays for Competitive Exam
260
_a
New delhi
_b
R.P
_c
2012
999
_c
6955
_d
6955